History Quiz

Random History or Artist Quiz
Score 0/20 Timer 09:00
0 Plays Today
Fictitious Title Artist % Correct
The Yellow Bedroom in Arles with Starry BlossomsVincent Van Gogh
92.5%
Elvis and Marilyn Campbell's Sixteen BottlesAndy Warhol
84.5%
The Hallucinogenic Supper and the Temptation of MemorySalvador Dalí
80.2%
Portrait of a Weeping Guitarist in AvignonPablo Picasso
79.4%
Supper with Madonna and Lisa the BaptistLeonardo da Vinci
77.4%
Kiss the Thinker of CalaisAuguste Rodin
73.7%
Lily with a Parasol at the Artist's CathedralClaude Monet
70.8%
Scream, Melancholy Vampire with Cigarette!Edvard Munch
68.5%
Ballet Dancer in a Cafe Drying HerselfEdgar Degas
68.3%
Self-Portrait as a Wounded Deer with Diego and MonkeyFrida Kahlo
57.3%
Fictitious Title Artist % Correct
Yellow Halo and Vision of Tahitian WomenPaul Gauguin
44%
Earthly Temptation, Deadly JudgmentHieronymus Bosch
37.5%
Blue Rhythm and She-Wolf, Number 5Jackson Pollock
30.4%
Sunrise Iris and a Horse's Skull in New MexicoGeorgia O'Keeffe
30.1%
Bathers with Apples and Oranges in a Red VasePaul Cézanne
25.9%
Bacchus Beheading the Virgin Fortune TellerCaravaggio
25.3%
Kiss the Three Snakes, DanaeGustav Klimt
25.3%
Blue Snail in a Green Room by a RiverHenri Matisse
19.7%
Blue Composition with Abstract ImprovisationWassily Kandinsky
16.1%
Nude Bride in a FountainMarcel Duchamp
11.7%
Remove Ads.
Support Sporcle.
Get the best of Sporcle when you Go Orange. This ad-free experience offers more features, more stats, and more fun while also helping to support Sporcle. Thank you for becoming a member.

You're not logged in!

Compare scores with friends on all Sporcle quizzes.
OR
Log In

Show Comments

Extras

Top Quizzes Today


Score Distribution

Your Account Isn't Verified!

In order to create a playlist on Sporcle, you need to verify the email address you used during registration. Go to your Sporcle Settings to finish the process.

Report this User

Report this user for behavior that violates our Community Guidelines.

Details: